Logo BPK

Biblioteka

Politechniki Koszalińskiej

Who's Who in the World 2001 : (Rekord nr 39365)

Szczegóły MARC
000 -ETYKIETA REKORDU
podpole kontrolne o stałej długości 00662nam a2200229 i 4500
001 - NUMER KONTROLNY REKORDU
pole kontrolne bg
020 ## - MIĘDZYNARODOWY ZNORMALIZOWANY NUMER KSIĄŻKI - ISBN
ISBN 0837911257
040 ## - ŹRÓDŁO KATALOGOWANIA
Instytucja, która utworzyła rekord BPK
041 0# - KOD JĘZYKA
Kod języka tekstu en
080 ## - UNIWERSALNA KLASYFIKACJA DZIESIĘTNA - UKD
UKD 929-052(100)
920 ## - Międzynarodowy znormalizowany numer książki – ISBN
ISBN 0-8379-1125-7
008 - POLE O STAŁEJ DŁUGOŚCI - DANE KONTROLNE
podpole kontrolne o stałej długości s pl f |000 0 pol
245 #0 - TYTUŁ/ODPOWIEDZIALNOŚĆ
Tytuł Who's Who in the World 2001 :
Ciąg dalszy tytułu the chronicle of human achievement /
Pozostałe elementy strefy tytułu i oznaczenia odpowiedzialności [ed. Cheryl Rodriguez et al.].
250 ## - STREFA WYDANIA
Oznaczenie wydania 18th ed.
260 ## - STREFA ADRESU WYDAWNICZEGO
Miejsce wydania New Providence :
Nazwa wydawcy/dystrybutora Marquis Who'sWho,
Data publikacji, dystrybucji/powstania dokumentu 2001.
300 ## - STREFA OPISU FIZYCZNEGO
Objętość XV, 2625 s. ;
Rozmiary 31 cm.
504 ## - UWAGA DOTYCZĄCA BIBLIOGRAFII
Informacje o bibliografii Indeks.
650 #9 - HASŁO PRZEDMIOTOWE W FORMIE NAZWY OGÓLNEJ LUB JEDNOSTKOWEJ
Nazwa ogólna lub geograficzna Biografie
Określnik chronologiczny 20 w.
700 1# - HASŁO DODATKOWE - NAZWA OSOBOWA
Nazwa osobowa RODRIGUEZ, Cheryl.
Określenie związku między hasłem a opisywanym materiałem Red.
942 ## - DODATKOWE ELEMENTY (KOHA)
Typ dokumentu Książka
Egzemplarze
Wycofany Status egzemplarza Uszkodzony Dostępność Lokalizacja stała Lokalizacja bieżąca Miejsce przechowywania Sygnatura Kod kreskowy Typ dokumentu
      Dostępny Biblioteka Politechniki Koszalińskiej Biblioteka Politechniki Koszalińskiej Wypożyczalnia BG 58572 01558050 Książka
© 2023 Biblioteka Politechniki Koszalińskiej :: KOHA